000 00312nam a2200109Ia 4500
008 190723s9999 xx 000 0 und d
100 _aRobin McNeill
245 0 _aMulti Dimensional Manager 24 ways to impact your bottom line in 90 days
260 _aNew York
_bMcGraw Hil
_c1996
300 _a130.:P
942 _cBK
999 _c1382
_d1382